[Event "TCh-CHN 2012"]
[Site "Taizhou CHN"]
[Date "2012.06.29"]
[Round "7.5"]
[White "Xiu, Deshun"]
[Black "Wang, Li"]
[Result "1-0"]
[WhiteTitle "GM"]
[BlackTitle "IM"]
[WhiteElo "2492"]
[BlackElo "2400"]
[WhiteTeam "Beijing AIGO Team"]
[BlackTeam "Wuxi Huafang Construction Team"]
[WhiteFideId "8603693"]
[BlackFideId "8604460"]
[EventDate "2012.04.28"]
[EventType "team"]

1. d4 d5 2. c4 dxc4 3. e4 c5 4. d5 e6 5. Bxc4 Nf6 6. Nc3 exd5 7. exd5 Bd6 8.
Qe2+ Kf8 9. Nf3 h6 10. O-O a6 11. a4 Bg4 12. h3 Bxf3 13. Qxf3 Nbd7 14. Qe2 g6
15. b3 Kg7 16. f4 Re8 17. Qf3 Qc7 18. Bb2 Kg8 19. Rae1 Kf8 20. Ne4 Nxe4 21. Rxe4
Rxe4 22. Qxe4 Qd8 23. f5 Qe7 24. Qxe7+ Kxe7 25. Re1+ Kd8 26. fxg6 fxg6 27. Re6
Kc7 28. Rxg6 Bf4 29. Kf2 Re8 30. Rg7 Kd6 31. g3 Be3+ 32. Kf3 Bd2 33. Rg6+ Kc7
34. Re6 Rb8 35. Ke2 b5 36. axb5 axb5 37. Bd3 Ba5 38. Bc1 Rb6 39. Bxh6 c4 40.
bxc4 bxc4 41. Bf4+ Kd8 42. Bxc4 Rb2+ 43. Kf3 Nc5 44. Rc6 Nd7 45. h4 Bc3 46. Ke4
Nf6+ 47. Kf5 Nh5 48. Bg5+ Kd7 49. Kg4 Ng7 50. Bf6 Bxf6 51. Rxf6 Ne8 52. Rf4 Nd6
53. Bd3 Rd2 54. Bf5+ Ke7 55. Be6 Re2 56. h5 Ne4 57. Kf3 Nc3 58. Rc4 Rc2 59. h6
Kf6 60. h7 Kg7 61. Rc7+ Kh8 62. Rc8+ 1-0

[Event "TCh-CHN 2012"]
[Site "Taizhou CHN"]
[Date "2012.06.29"]
[Round "7.2"]
[White "Danielian, Elina"]
[Black "Nie, Xin"]
[Result "1-0"]
[WhiteTitle "GM"]
[WhiteElo "2478"]
[BlackElo "2053"]
[WhiteTeam "Tianjin Qin Huangdao Team"]
[BlackTeam "Chengdu Bank Team"]
[WhiteFideId "13300210"]
[BlackFideId "8605610"]
[EventDate "2012.04.28"]
[EventType "team"]

1. Nf3 d5 2. c4 c6 3. e3 Nf6 4. Nc3 a6 5. b3 Bg4 6. Bb2 Nbd7 7. h3 Bh5 8. cxd5
Nxd5 9. Be2 e6 10. O-O N7f6 11. d3 Bg6 12. Ne5 Qa5 13. Nxd5 Nxd5 14. Qc1 Qc7 15.
e4 Nb6 16. Qe3 Nd7 17. Nxd7 Qxd7 18. Rfd1 f6 19. d4 Bb4 20. a3 Be7 21. d5 cxd5
22. exd5 e5 23. Bg4 Qd6 24. a4 Qc5 25. Qg3 Qc2 26. Bc3 Bc5 27. Rac1 Qxb3 28.
Bxe5 Qxg3 29. Bxg3 b6 30. Bc7 f5 31. Bf3 Ra7 32. d6 Kf7 33. a5 Rxc7 34. dxc7 Rc8
35. axb6 Bxb6 36. Bb7 1-0

[Event "TCh-CHN 2012"]
[Site "Taizhou CHN"]
[Date "2012.06.29"]
[Round "7.4"]
[White "Ning, Chunhong"]
[Black "Harika, Dronavalli"]
[Result "0-1"]
[WhiteTitle "WGM"]
[BlackTitle "GM"]
[WhiteElo "2328"]
[BlackElo "2501"]
[WhiteTeam "Tianjin Qin Huangdao Team"]
[BlackTeam "Chengdu Bank Team"]
[WhiteFideId "8600376"]
[BlackFideId "5015197"]
[EventDate "2012.04.28"]
[EventType "team"]

1. e4 e6 2. d3 d5 3. Nd2 c5 4. Ngf3 Nf6 5. g3 g6 6. Bg2 Bg7 7. O-O O-O 8. c3 Nc6
9. Re1 a5 10. Qc2 b6 11. a4 Ba6 12. exd5 exd5 13. Nf1 Qd7 14. Bf4 Rae8 15. Rxe8
Rxe8 16. Re1 h6 17. Qb3 Bxd3 18. Qxb6 Ne4 19. N3d2 g5 20. Nxe4 dxe4 21. Bc1 Bf8
22. Qb3 Ne5 23. Qd1 c4 24. Nd2 f5 25. b3 cxb3 26. Qxb3+ Kh7 27. Ba3 Bg7 0-1

[Event "TCh-CHN 2012"]
[Site "Taizhou CHN"]
[Date "2012.06.29"]
[Round "7.5"]
[White "Chen, Fan"]
[Black "Liu, Qingnan"]
[Result "0-1"]
[WhiteTitle "FM"]
[BlackTitle "IM"]
[WhiteElo "2375"]
[BlackElo "2461"]
[WhiteTeam "Chengdu Bank Team"]
[BlackTeam "Tianjin Qin Huangdao Team"]
[WhiteFideId "8600767"]
[BlackFideId "8603294"]
[EventDate "2012.04.28"]
[EventType "team"]

1. e4 d6 2. d4 g6 3. c4 Bg7 4. Nc3 e5 5. dxe5 Bxe5 6. Nf3 Bxc3+ 7. bxc3 Nf6 8.
Bd3 Nbd7 9. O-O Qe7 10. Re1 Ng4 11. Bf1 O-O 12. h3 Nge5 13. Nh2 Nb6 14. Bh6 Re8
15. f4 Nc6 16. a4 a5 17. c5 dxc5 18. Bb5 Bd7 19. e5 f6 20. Bxc6 bxc6 21. Ng4
Bxg4 22. Qxg4 f5 23. Qf3 Qe6 24. Bg5 Qd5 25. Qg3 Qc4 26. h4 h5 27. e6 Nd5 28.
Rac1 Rab8 29. Re5 Kh7 30. Qf3 Kg7 31. Qg3 Rb2 32. e7 Re2 33. Rxe2 Qxe2 34. Re1
Qc4 35. Re6 Nxf4 36. Qxf4 Qxe6 37. Qxc7 Qe1+ 38. Kh2 Qxc3 39. Qxc6 Qe5+ 40. Kh3
Kf7 41. Qb5 Qc3+ 42. Kh2 Qb4 43. Qa6 Qb8+ 44. Kh3 Qe5 45. Qc4+ Kg7 46. Qa6 Rb8
47. g3 f4 48. e8=N+ Rxe8 49. Qb7+ Kg8 0-1

[Event "TCh-CHN 2012"]
[Site "Tianjin CHN"]
[Date "2012.07.13"]
[Round "9"]
[White "Chen, Fan"]
[Black "Riazantsev, Alexander"]
[Result "0-1"]
[WhiteTitle "FM"]
[BlackTitle "GM"]
[WhiteElo "2375"]
[BlackElo "2710"]
[WhiteTeam "Chengdu Bank Team"]
[BlackTeam "Wuxi Huafang Construction Team"]
[WhiteFideId "8600767"]
[BlackFideId "4125029"]
[EventDate "2012.04.28"]

1. e4 c6 2. d4 d5 3. e5 Bf5 4. Nd2 e6 5. Nb3 Nd7 6. Nf3 Qc7 7. Be2 c5 8. dxc5
Bxc5 9. Nxc5 Qxc5 10. c3 Ne7 11. O-O O-O 12. Re1 Bg4 13. Nd4 Bxe2 14. Rxe2 Rfc8
15. h4 Nc6 16. Bf4 Qe7 17. Nf3 b5 18. h5 Rab8 19. h6 g6 20. a3 a5 21. b4 Ra8 22.
Bg5 Qe8 23. Rc1 Nb6 24. Nh2 Nb8 25. Ng4 N8d7 26. Rcc2 Rc4 27. f3 Na4 28. Qd3
Rac8 29. Bd2 Qd8 30. Be1 Qc7 31. Bf2 axb4 32. axb4 Nxc3 33. Rxc3 Rxc3 34. Qxb5
Kh8 35. Ra2 Rb8 36. Qe2 Rxb4 37. Ra8+ Rb8 38. Ra7 Qc8 39. Qd2 Rc7 40. Ra1 Qd8
41. Qf4 Qe7 42. Bh4 Qxh4 43. Qxf7 Rg8 44. Qxe6 Rgc8 45. Rf1 Rc1 0-1

[Event "TCh-CHN 2012"]
[Site "Tianjin CHN"]
[Date "2012.07.13"]
[Round "9"]
[White "Wang, Jue"]
[Black "Zhang, Xiaowen"]
[Result "1-0"]
[BlackTitle "WGM"]
[WhiteElo "2366"]
[BlackElo "2354"]
[WhiteTeam "Beijing AIGO Team"]
[BlackTeam "Shanghai Jianqiao Academy Team"]
[WhiteFideId "8604070"]
[BlackFideId "8603219"]
[EventDate "2012.04.28"]

1. e4 e6 2. d4 d5 3. Nc3 Nf6 4. Bg5 dxe4 5. Nxe4 Nbd7 6. Nf3 h6 7. Nxf6+ Nxf6 8.
Bh4 c5 9. Bc4 cxd4 10. O-O Be7 11. Qe2 O-O 12. Rad1 Qb6 13. Nxd4 Re8 14. c3 Bd7
15. Nf3 Ba4 16. b3 Bc6 17. Ne5 Bd5 18. Bb5 Rec8 19. c4 Bc6 20. Bxc6 bxc6 21. Qf3
Qc5 22. Rfe1 Rc7 23. Bg3 Rcc8 24. h4 a5 25. a4 Qb6 26. Bf4 Ra7 27. g4 Rb7 28.
Rd3 Bc5 29. Kg2 Ne8 30. g5 hxg5 31. hxg5 Bd4 32. Rh1 c5 33. Qh5 Kf8 34. Qxf7+ 1-0

[Event "TCh-CHN 2012"]
[Site "Tianjin CHN"]
[Date "2012.07.13"]
[Round "9"]
[White "Yu, Shaoteng"]
[Black "Akopian, Vladimir"]
[Result "1/2-1/2"]
[WhiteTitle "GM"]
[BlackTitle "GM"]
[WhiteElo "2507"]
[BlackElo "2684"]
[WhiteTeam "Guangdong Huateng Club Team"]
[BlackTeam "Tianjin Qin Huangdao Team"]
[WhiteFideId "8600660"]
[BlackFideId "13300032"]
[EventDate "2012.04.28"]

1. e4 e5 2. Nf3 Nc6 3. Bc4 Bc5 4. O-O Nf6 5. d4 Bxd4 6. Nxd4 Nxd4 7. f4 d6 8.
fxe5 dxe5 9. Bg5 Be6 10. Na3 Qe7 11. c3 Nc6 12. Qf3 Bxc4 13. Nxc4 O-O-O 14. Ne3
Qc5 15. Kh1 Kb8 16. Bxf6 gxf6 17. Nd5 Ne7 18. Nxf6 a5 19. Rad1 Qb5 20. b3 Qc6
21. Nd5 Nxd5 22. exd5 Qg6 23. Qf5 Rhe8 24. c4 Re7 25. Rde1 e4 26. Re3 c6 27.
Qf4+ Ka8 28. dxc6 bxc6 29. h3 Rd3 30. Rfe1 Rxe3 31. Qxe3 Qd6 32. Qg5 Kb7 33.
Qxa5 e3 34. c5 Qd5 35. Qb4+ Ka7 36. Qa5+ Kb8 37. Qb4+ Ka7 38. Qa5+ 1/2-1/2

[Event "TCh-CHN 2012"]
[Site "Tianjin CHN"]
[Date "2012.07.13"]
[Round "9"]
[White "Liu, Chang"]
[Black "Ma, Qun"]
[Result "1/2-1/2"]
[WhiteElo "2262"]
[BlackElo "2481"]
[WhiteTeam "Guangdong Huateng Club Team"]
[BlackTeam "Tianjin Qin Huangdao Team"]
[WhiteFideId "8606340"]
[BlackFideId "8603154"]
[EventDate "2012.04.28"]

1. c4 e5 2. Nc3 Nf6 3. g3 Bb4 4. Bg2 Nc6 5. d3 d6 6. Bd2 O-O 7. a3 Bxc3 8. Bxc3
Bg4 9. Qc2 Qc8 10. Nf3 Bh3 11. O-O Bxg2 12. Kxg2 Qe6 13. e4 Nh5 14. Nh4 Nf4+ 15.
gxf4 Qg4+ 16. Kh1 Qxh4 17. f5 g5 18. Rg1 f6 19. Qe2 Kf7 20. Rg3 Ke7 21. b4 Kd7
22. b5 Ne7 23. Kg2 Qh6 24. a4 b6 25. a5 Qg7 26. d4 exd4 27. Bxd4 Qf7 28. Rga3
Rab8 29. Rd1 Ke8 30. Rh3 g4 31. Re3 h5 32. Kh1 Rd8 33. Rg3 Rg8 34. Rc3 Kf8 35.
Qd2 Nc8 36. Be3 Kg7 37. Bd4 Rde8 38. Re1 bxa5 39. Qg5+ Kh7 40. Qxf6 Qxf6 41.
Bxf6 Rgf8 42. Bd4 Rxf5 43. c5 Rf7 44. Ra3 dxc5 45. Bxc5 Re5 46. Rc1 Nd6 47. Bxd6
cxd6 48. Rxa5 Rxf2 49. Rxa7+ Kg6 50. Kg1 Rb2 51. Rd7 Rxe4 52. Rxd6+ Kg5 53. Rd3
Ree2 54. h3 Rg2+ 55. Kh1 Rh2+ 56. Kg1 Rbg2+ 57. Kf1 Rb2 58. Kg1 gxh3 59. Rg3+
Kf4 60. Rg8 Rhg2+ 61. Rxg2 hxg2 62. Rc4+ Ke3 63. Rc3+ 1/2-1/2

[Event "TCh-CHN 2012"]
[Site "Tianjin CHN"]
[Date "2012.07.13"]
[Round "9"]
[White "Ning, Chunhong"]
[Black "Li, Xueyi"]
[Result "1-0"]
[WhiteTitle "WGM"]
[WhiteElo "2328"]
[BlackElo "2076"]
[WhiteTeam "Tianjin Qin Huangdao Team"]
[BlackTeam "Guangdong Huateng Club Team"]
[WhiteFideId "8600376"]
[BlackFideId "8605912"]
[EventDate "2012.04.28"]

1. d4 Nf6 2. Nf3 e6 3. Bg5 d5 4. e3 Be7 5. Nbd2 h6 6. Bh4 O-O 7. Bd3 c5 8. c3 b6
9. O-O Bb7 10. Ne5 Nfd7 11. Bxe7 Qxe7 12. f4 Nxe5 13. fxe5 Ba6 14. Bxa6 Nxa6 15.
Qh5 f6 16. Rf3 fxe5 17. Qxe5 Rxf3 18. Nxf3 Nb8 19. Re1 Nc6 20. Qg3 Rd8 21. h3
Qd6 22. Kh2 Qxg3+ 23. Kxg3 Re8 24. e4 dxe4 25. Rxe4 cxd4 26. Nxd4 Nxd4 27. Rxd4
Re7 28. Kf3 Kf7 29. Ke4 Kf6 30. c4 Rc7 31. b3 Ke7 32. Rd3 Rc5 33. Rg3 Kf6 34.
Rf3+ Ke7 35. Kd4 a5 36. a3 Rc8 37. b4 axb4 38. axb4 Rd8+ 39. Ke4 Rd1 40. Ra3 Rb1
41. b5 Rc1 42. Ra7+ Kf6 43. Rc7 Re1+ 44. Kf3 Rf1+ 45. Ke3 Re1+ 46. Kd2 Rg1 47.
g4 Ke5 48. Rc6 Rg2+ 49. Kc3 Rh2 50. Rxb6 Rxh3+ 51. Kb4 Rg3 52. Rb8 Rxg4 53. b6
Kd6 54. Rc8 1-0

[Event "TCh-CHN 2012"]
[Site "Tianjin CHN"]
[Date "2012.07.13"]
[Round "9"]
[White "Sukandar, Irine Kharisma"]
[Black "Kuang, Yinghui"]
[Result "1-0"]
[WhiteTitle "WGM"]
[BlackTitle "WIM"]
[WhiteElo "2349"]
[BlackElo "2205"]
[WhiteTeam "Tianjin Qin Huangdao Team"]
[BlackTeam "Guangdong Huateng Club Team"]
[WhiteFideId "7101937"]
[BlackFideId "8600988"]
[EventDate "2012.04.28"]

1. e4 Nf6 2. e5 Nd5 3. c4 Nb6 4. d4 d6 5. exd6 cxd6 6. Nc3 g6 7. Be3 Bg7 8. Rc1
O-O 9. b3 Nc6 10. Be2 a6 11. d5 Ne5 12. f4 Ned7 13. Nf3 Nf6 14. O-O Bg4 15. h3
Bxf3 16. Bxf3 Nbd7 17. Qd2 Qa5 18. Rfd1 b5 19. Ne2 Qxd2 20. Rxd2 bxc4 21. bxc4
Nc5 22. Nd4 Nfe4 23. Rdc2 Bxd4 24. Bxd4 f5 25. Rb1 Rfc8 26. Rb6 Rab8 27. Rcb2
Rxb6 28. Rxb6 h5 29. Be2 Kf7 30. Kf1 Rc7 31. Ke1 Rb7 32. Rxb7 Nxb7 33. Kd1 Nbc5
34. Kc2 Ke8 35. Bf3 Kd7 36. Bxe4 Nxe4 37. a4 Kc7 38. a5 Kd7 39. Kd3 Ke8 40. Bb6
Kd7 41. Kd4 Nd2 42. Kc3 Ne4+ 43. Kd3 e6 44. dxe6+ Kxe6 45. Kd4 Kd7 46. c5 dxc5+
47. Bxc5 Kc6 48. Bb6 Kd6 49. Ba7 Nf6 50. Bc5+ Kc6 51. Bb4 Nd7 52. Be7 Kb5 53.
Kd5 Kxa5 54. Kc6 Nb8+ 55. Kc7 Kb5 56. Kxb8 a5 57. Kc7 Kc4 58. Kd6 Kd4 59. Ke6
Ke4 60. Bd6 a4 61. Kf6 a3 62. Bxa3 Kxf4 63. Bd6+ Ke3 64. Kxg6 Kf2 65. g3 Kg2 66.
h4 1-0

[Event "TCh-CHN 2012"]
[Site "Tianjin CHN"]
[Date "2012.07.13"]
[Round "9"]
[White "Huang, Qian"]
[Black "Guo, Qi"]
[Result "1/2-1/2"]
[WhiteTitle "WGM"]
[BlackTitle "WGM"]
[WhiteElo "2399"]
[BlackElo "2351"]
[WhiteTeam "Chongqing Team"]
[BlackTeam "Jiangsu Taizhou Team"]
[WhiteFideId "8602689"]
[BlackFideId "8604002"]
[EventDate "2012.04.28"]

1. d4 d5 2. Nf3 Nf6 3. g3 c5 4. dxc5 e6 5. c4 Bxc5 6. cxd5 Qb6 7. e3 Nxd5 8. Bg2
O-O 9. O-O Rd8 10. Qe2 Bd7 11. Nc3 Nxc3 12. bxc3 Bc6 13. Bb2 Nd7 14. c4 Be7 15.
Bd4 Qa6 16. Rfd1 Rac8 17. Rac1 h6 18. h4 Ba3 19. Ra1 b6 20. Bf1 Ba8 21. Ne1 Qb7
22. Bg2 Qc7 23. Bxa8 Rxa8 24. Nc2 Be7 25. Rac1 Rac8 26. Ne1 Ne5 27. Bxe5 Qxe5
28. Rxd8+ Bxd8 29. Qd3 Bf6 30. Nf3 Qc5 31. Nd2 Rd8 32. Qc2 Qc6 33. Qe4 Qa4 34.
Qc2 Qc6 35. Qe4 Qa4 1/2-1/2

[Event "TCh-CHN 2012"]
[Site "Tianjin CHN"]
[Date "2012.07.13"]
[Round "9"]
[White "Wen, Yang"]
[Black "Yu, Lie"]
[Result "1-0"]
[WhiteTitle "GM"]
[BlackTitle "IM"]
[WhiteElo "2549"]
[BlackElo "2417"]
[WhiteTeam "Shandong Gree Team"]
[BlackTeam "Zhejiang Yinzhou Team"]
[WhiteFideId "8602956"]
[BlackFideId "8603715"]
[EventDate "2012.04.28"]

1. d4 d5 2. c4 dxc4 3. Nf3 Nf6 4. e3 g6 5. Bxc4 Bg7 6. O-O O-O 7. Nc3 Ne8 8. h3
Nd6 9. Bb3 b5 10. e4 b4 11. Nd5 Nxe4 12. Qe2 e6 13. Qxe4 exd5 14. Qxd5 Qxd5 15.
Bxd5 c6 16. Bb3 Bf5 17. Re1 Nd7 18. Bf4 Be6 19. Bd6 Rfe8 20. Bxe6 fxe6 21. Bxb4
e5 22. Bc3 exd4 23. Bxd4 Bxd4 24. Nxd4 c5 25. Nc6 Kf8 26. Kf1 Rec8 27. Rad1 Nb6
28. Re6 Rc7 29. b3 Re8 30. Rxe8+ Kxe8 31. Rd8+ Kf7 32. Na5 Ke6 33. Rd3 c4 34.
Nxc4 Nxc4 35. bxc4 Rxc4 36. Ra3 Rc7 37. Ra5 Kd6 38. Ke2 Kc6 39. Kd2 Rd7+ 40. Kc3
Re7 41. f4 Re2 42. Rxa7 Rxg2 43. Kd4 Kd6 44. Ra6+ Ke7 45. a4 Rf2 46. Ke4 Re2+
47. Kd5 Rf2 48. Ke4 Re2+ 49. Kf3 Ra2 50. Kg4 Rg2+ 51. Kf3 Ra2 52. h4 h5 53. a5
Ra4 54. Rxg6 Rxa5 55. Rg5 Ra3+ 56. Ke4 Ra4+ 57. Kf5 Ra5+ 58. Kg6 Ra4 59. Re5+
Kd6 60. Kg5 Rb4 61. Re1 Rb8 62. f5 Rg8+ 63. Kxh5 Rh8+ 64. Kg5 Rg8+ 65. Kf6 Rf8+
66. Kg6 Rg8+ 67. Kf7 Rh8 68. Re4 Kd5 69. Ra4 Kd6 70. f6 Rb8 71. Kg7 Rb1 72. Rg4 1-0

[Event "TCh-CHN 2012"]
[Site "Tianjin CHN"]
[Date "2012.07.13"]
[Round "9"]
[White "Wang, Xiaohui"]
[Black "Sun, Xinyue"]
[Result "0-1"]
[WhiteTitle "WIM"]
[WhiteElo "2209"]
[BlackElo "2028"]
[WhiteTeam "Zhejiang Yinzhou Team"]
[BlackTeam "Shandong Gree Team"]
[WhiteFideId "8603073"]
[BlackFideId "8600813"]
[EventDate "2012.04.28"]

1. d4 Nf6 2. c4 c5 3. d5 e6 4. Nc3 exd5 5. cxd5 d6 6. Nf3 g6 7. Bf4 Bg7 8. Qa4+
Bd7 9. Qb3 Qc7 10. Nd2 Nh5 11. Bg5 h6 12. Bh4 O-O 13. e3 Re8 14. Be2 Bf6 15. g4
Bxh4 16. gxh5 Rxe3 17. Nf3 c4 18. Qd1 Rxf3 19. Bxf3 Na6 20. Qd4 Re8+ 21. Kf1 Qd8
22. Rg1 Bh3+ 23. Bg2 Bf5 24. Qxc4 Nc5 25. Rd1 Qf6 26. Qd4 Bd3+ 0-1

[Event "TCh-CHN 2012"]
[Site "Tianjin CHN"]
[Date "2012.07.13"]
[Round "9"]
[White "Nguyen, Ngoc Truong Son"]
[Black "Wang, Rui"]
[Result "1/2-1/2"]
[WhiteTitle "GM"]
[BlackTitle "GM"]
[WhiteElo "2662"]
[BlackElo "2407"]
[WhiteTeam "Qingdao School Team"]
[BlackTeam "Hebei Sports Lottery Team"]
[WhiteFideId "12401110"]
[BlackFideId "8601003"]
[EventDate "2012.04.28"]

1. d4 d5 2. c4 e6 3. Nc3 Nf6 4. Bg5 Be7 5. e3 Nbd7 6. Nf3 h6 7. Bh4 O-O 8. Bd3
b6 9. cxd5 Nxd5 10. Bxe7 Qxe7 11. Rc1 Nxc3 12. Rxc3 c5 13. Be4 Rb8 14. Qa4 Bb7
15. Bxb7 Rxb7 16. O-O cxd4 17. Nxd4 Nc5 18. Qc2 a5 19. b3 Qd7 20. Nf3 Rd8 21. a3
Qd5 22. b4 axb4 23. axb4 Ne4 24. Rc4 Nd2 25. Nxd2 Qxd2 26. g4 Ra7 27. h3 b5 28.
Qxd2 Rxd2 29. Rc5 Rb2 30. Rxb5 Ra4 31. Rb8+ Kh7 32. b5 Rab4 33. Rf8 f6 34. Kg2
Rxb5 35. Rd1 Rb8 36. Rf7 R2b7 37. Rdd7 Rxd7 38. Rxd7 Kg8 39. h4 Rb2 40. Re7 e5
41. g5 hxg5 42. hxg5 Kf8 43. Ra7 Rb5 44. Kg3 Rb1 45. Kf3 Rg1 46. gxf6 gxf6 47.
Ke4 Rg5 48. Rh7 Kg8 49. Rb7 Rh5 50. Ra7 Rg5 51. Rb7 Rh5 52. Rb5 Rg5 53. Rb7 Rh5
54. Rc7 Rg5 55. Rd7 Rh5 56. Ra7 Kf8 57. Rh7 Rg5 58. Rb7 Kg8 59. Ra7 Rh5 60. Rb7
Rg5 61. Rb5 Rh5 62. Rb7 Rg5 63. Rd7 Rh5 64. Rd5 Rg5 65. f4 exf4 66. exf4 Rxd5
67. Kxd5 f5 68. Ke6 Kg7 1/2-1/2

[Event "TCh-CHN 2012"]
[Site "Tianjin CHN"]
[Date "2012.07.13"]
[Round "9"]
[White "Mu, Ke"]
[Black "Wan, Yunguo"]
[Result "1/2-1/2"]
[WhiteElo "2286"]
[BlackElo "2441"]
[WhiteTeam "Qingdao School Team"]
[BlackTeam "Hebei Sports Lottery Team"]
[WhiteFideId "8602778"]
[BlackFideId "8603189"]
[EventDate "2012.04.28"]

1. c4 Nf6 2. Nc3 g6 3. g3 Bg7 4. Bg2 O-O 5. Nf3 c6 6. O-O d5 7. d4 dxc4 8. Ne5
Ne8 9. f4 Nd6 10. e4 f6 11. Nf3 f5 12. e5 Nf7 13. d5 cxd5 14. Qxd5 Qb6+ 15. Qd4
Nc6 16. Qxb6 axb6 17. Be3 g5 18. Bxb6 gxf4 19. gxf4 Bh6 20. Nd5 Nh8 21. Nd4 Ng6
22. a4 Bd7 23. Nc7 Nxd4 24. Bxd4 Nxf4 25. Nxa8 Nxg2 26. Nb6 Bc6 27. Nxc4 Nf4 28.
Kf2 Nd3+ 29. Ke2 Nf4+ 30. Kf2 Nd3+ 31. Ke2 1/2-1/2

[Event "TCh-CHN 2012"]
[Site "Tianjin CHN"]
[Date "2012.07.13"]
[Round "9"]
[White "Zhai, Mo"]
[Black "Gong, Qianyun"]
[Result "1/2-1/2"]
[WhiteTitle "WFM"]
[BlackTitle "WIM"]
[WhiteElo "2262"]
[BlackElo "2302"]
[WhiteTeam "Hebei Sports Lottery Team"]
[BlackTeam "Qingdao School Team"]
[WhiteFideId "8600201"]
[BlackFideId "8602425"]
[EventDate "2012.04.28"]

1. e4 e6 2. d4 d5 3. Nc3 Nc6 4. e5 f6 5. Bb5 Bd7 6. Nf3 Qe7 7. Rb1 Qf7 8. O-O
O-O-O 9. Bxc6 Bxc6 10. b4 Be8 11. Qe2 Ne7 12. b5 Ng6 13. Rd1 Be7 14. a4 Rf8 15.
a5 fxe5 16. dxe5 Nf4 17. Bxf4 Qxf4 18. Nd4 Qh6 19. Qg4 Bd7 20. Nce2 Bc5 21. c4
Rde8 22. Rb3 g5 23. Rc1 b6 24. axb6 axb6 25. Ra1 Qg6 26. Ra8+ Kb7 27. Rxe8 Rxe8
28. cxd5 h5 29. Qg3 exd5 30. h4 Qe4 31. Re3 Qg6 32. Rb3 Qe4 33. Re3 Qxh4 34. Qf3
c6 35. e6 Ra8 36. bxc6+ Bxc6 37. Qf7+ Ka6 38. g3 Qg4 39. Kg2 Be8 40. Qc7 h4 41.
f3 Qh5 42. Qg7 hxg3 43. Nxg3 Qg6 44. Qe5 Bxd4 45. Qxd4 Qc2+ 46. Ne2 Qc5 47. Kg3
Rc8 48. Re5 Bc6 49. Rxg5 Re8 50. Rg6 Qc2 51. Nf4 Qc1 52. Qd3+ Bb5 53. Qxd5 Qe1+
54. Kg4 Qg1+ 55. Kf5 Qb1+ 56. Qe4 Qc1 57. Rg7 Qc5+ 58. Qe5 Qc2+ 59. Kf6 Qd1 60.
Qc7 Qd4+ 61. Kg5 Qg1+ 62. Kf5 Qb1+ 63. Kf6 Qa1+ 64. Qe5 Qd1 65. Qd5 Qa1+ 66. Kg6
Qg1+ 67. Qg5 Qb1+ 68. Kf7 Qc2 69. Nd5 Qc5 70. Rg8 Rxg8 71. Kxg8 Bc4 72. e7 Bxd5+
73. Kf8 Bc6 74. Qxc5 bxc5 75. e8=Q Bxe8 76. Kxe8 c4 77. f4 c3 78. f5 c2 79. f6
c1=Q 80. f7 Qe3+ 81. Kf8 Qg5 82. Ke8 Qe5+ 1/2-1/2

[Event "TCh-CHN 2012"]
[Site "Tianjin CHN"]
[Date "2012.07.13"]
[Round "9"]
[White "Lou, Yiping"]
[Black "Yu, Yangyi"]
[Result "1-0"]
[WhiteTitle "IM"]
[BlackTitle "GM"]
[WhiteElo "2419"]
[BlackElo "2615"]
[WhiteTeam "Shanghai Jianqiao Academy Team"]
[BlackTeam "Beijing AIGO Team"]
[WhiteFideId "8603928"]
[BlackFideId "8603820"]
[EventDate "2012.04.28"]

1. d4 Nf6 2. c4 e6 3. Nc3 Bb4 4. Qc2 c5 5. dxc5 O-O 6. a3 Bxc5 7. Nf3 Nc6 8. Bf4
Nh5 9. Bg3 f5 10. e3 Be7 11. Rd1 Nxg3 12. hxg3 Bf6 13. Nb5 a6 14. Nd6 Qa5+ 15.
Rd2 b5 16. cxb5 axb5 17. g4 b4 18. gxf5 bxa3 19. fxe6 g6 20. Bc4 Kg7 21. Ke2
axb2 22. exd7 Bxd7 23. Ne4 Bf5 24. Nxf6 Rxf6 25. Qxb2 Qb4 26. Qxb4 Nxb4 27. Rb2
Rb6 28. Nd4 Bd7 29. Rhb1 Rab8 30. Rb3 h5 31. Kd2 Ba4 32. Ra3 Be8 33. f4 Nc6 34.
Rxb6 Rxb6 35. Kc3 Rb1 36. Bd5 Nxd4 37. Kxd4 h4 38. Ke5 Rd1 39. Ra7+ Kh6 40. Ra8
Bb5 41. Rh8+ Kg7 42. Rxh4 Rd3 43. Rh3 Bd7 44. Rg3 Ra3 45. Be6 Be8 46. f5 Ra5+
47. Bd5 Ra6 48. e4 Rb6 49. Rb3 Rxb3 50. Bxb3 gxf5 51. exf5 Bh5 52. Kf4 Be2 53.
g4 Bd3 54. g5 1-0

[Event "TCh-CHN 2012"]
[Site "Tianjin CHN"]
[Date "2012.07.14"]
[Round "10"]
[White "Lu, Shanglei"]
[Black "Ma, Zhonghan"]
[Result "1/2-1/2"]
[WhiteTitle "GM"]
[WhiteElo "2514"]
[BlackElo "2369"]
[WhiteTeam "Zhejiang Yinzhou Team"]
[BlackTeam "Qingdao School Team"]
[WhiteFideId "8603332"]
[BlackFideId "8607206"]
[EventDate "2012.04.28"]

1. e4 e5 2. Nc3 Nf6 3. g3 Bc5 4. Bg2 Nc6 5. d3 d6 6. h3 a6 7. Nge2 Be6 8. f4 h6
9. a3 Ba7 10. f5 Bd7 11. g4 Nd4 12. Nxd4 Bxd4 13. Qf3 Bc6 14. Bd2 Qe7 15. h4
O-O-O 16. g5 hxg5 17. hxg5 Rxh1+ 18. Bxh1 Nd7 19. Qg4 Rh8 20. O-O-O Qf8 21. Ne2
Bb6 22. Ng3 Rh2 23. Nh5 Qh8 24. Bf3 g6 25. fxg6 fxg6 26. Nf6 Qh3 27. Qxh3 Rxh3
28. Bg4 Rg3 29. Rh1 Rg1+ 30. Rxg1 Bxg1 1/2-1/2

[Event "TCh-CHN 2012"]
[Site "Tianjin CHN"]
[Date "2012.07.14"]
[Round "10"]
[White "Ding, Liren"]
[Black "Mu, Ke"]
[Result "1-0"]
[WhiteTitle "GM"]
[WhiteElo "2660"]
[BlackElo "2286"]
[WhiteTeam "Zhejiang Yinzhou Team"]
[BlackTeam "Qingdao School Team"]
[WhiteFideId "8603677"]
[BlackFideId "8602778"]
[EventDate "2012.04.28"]

1. Nf3 Nf6 2. c4 g6 3. Nc3 d5 4. cxd5 Nxd5 5. h4 h6 6. e4 Nxc3 7. bxc3 Bg7 8. d4
c5 9. Be2 Nc6 10. d5 Ne5 11. Nxe5 Bxe5 12. Bd2 e6 13. c4 Qf6 14. Rb1 Bd4 15. Bf3
Kf8 16. Rb3 b6 17. Be3 Ba6 18. Be2 exd5 19. Bxd4 Qxd4 20. Qxd4 cxd4 21. cxd5 Rc8
22. Ra3 Bxe2 23. Kxe2 Rc2+ 24. Kd3 Rxf2 25. Rxa7 Kg7 26. e5 Re8 27. e6 Kf8 28.
Rxf7+ Rxf7 29. exf7 Rd8 30. Kxd4 Kxf7 31. Rf1+ Ke7 32. Ke5 Re8 33. Rf6 Kd7+ 34.
Re6 Ra8 35. Rxb6 g5 36. Rxh6 Rxa2 37. hxg5 Rxg2 38. Kf6 Rf2+ 39. Kg7 Rf5 40. g6
Rxd5 41. Kh7 1-0

[Event "TCh-CHN 2012"]
[Site "Tianjin CHN"]
[Date "2012.07.14"]
[Round "10"]
[White "Yu, Lie"]
[Black "Nguyen, Ngoc Truong Son"]
[Result "1/2-1/2"]
[WhiteTitle "IM"]
[BlackTitle "GM"]
[WhiteElo "2417"]
[BlackElo "2662"]
[WhiteTeam "Zhejiang Yinzhou Team"]
[BlackTeam "Qingdao School Team"]
[WhiteFideId "8603715"]
[BlackFideId "12401110"]
[EventDate "2012.04.28"]

1. e4 e6 2. d4 d5 3. e5 c5 4. c3 Nc6 5. Nf3 Bd7 6. Be2 f6 7. O-O fxe5 8. dxe5
Nh6 9. c4 d4 10. b4 Nf7 11. bxc5 Bxc5 12. Bf4 Qe7 13. Nbd2 g5 14. Bg3 h5 15. h3
g4 16. Bh4 gxf3 17. Bxe7 fxe2 18. Qxe2 Bxe7 19. Nb3 O-O-O 20. Rad1 Rdg8 21. Kh1
h4 22. Qb2 Nfxe5 23. Nxd4 Rxg2 24. Nf3 Rhg8 25. Nxe5 Nxe5 26. Qxe5 R2g5 27. Qe2
Bc6+ 28. f3 Rg3 29. Qxe6+ Kb8 30. Rd5 Bd8 31. Qf5 Bc7 32. Rd4 a5 33. Rxh4 R8g5
34. Qd3 Ka7 35. Qe2 Bb6 36. Kh2 Bc7 37. Kh1 Rg6 38. Qe3+ Bb6 39. c5 Bc7 40. Rh7
Be5 41. Qb3 Bc7 42. Qc3 Ka8 43. Qe3 Ka7 44. Qe2 Be5 45. Rh5 Bc7 46. Rh7 Be5 47.
Rh5 Bc7 48. Rh4 Rh6 49. Rg4 Rg6 50. Rh4 1/2-1/2